000 00214 a2200097 4500
001 38056
100 _aHuggubs R.A
245 _aEngineering Metallurgy Part I
260 _aG B
_bELBS
_c1983
090 _c24234
_d24234
942 _aNUST-CAE
_cM
_c15819
999 _c273129
_d273129